000 00370nam a22001457a 4500
020 _a9788131807033
082 _a628.1
_bPUN/WA
100 _aPunmia, B.C
245 _aWater supply engineering
260 _aBangalore
_bLaxmi Publications (P) Ltd
_c2012
650 _aEnvironmental engineering
700 _aAshok Kumar Jain
700 _aArun Kumar Jain
942 _cBK
999 _c13903
_d13903